000 00905nam a2200253Ia 4500
003 OSt
005 20221005112146.0
006 a|||||r|||| 00| 0
007 ta
008 221004b |||||||| |||| 00| 0 pan d
020 _a9789384138158 (hbk)
_c150
024 _a26868
037 _b995, 17/12/2015, H.K. Prakashan
_cTextual
040 _aCRL
_cCRL
_bpan
041 _2pan
_apan
082 _aO153,1NSA,JU, Q4
100 _aਸਮਰਾ, ਸਰਵਨ ਸਿੰਘ
245 0 _aਪੰਜਾਬੀ ਲੋਕ - ਕਾਵਿ ਜੁਗਨੀ
260 _aਅੰਮ੍ਰਿਤਸਰ
_bਕੇ. ਜੀ. ਗ੍ਰਾਖ਼ਿਕਸ ਭਾਰਤ
_c2014
300 _a120ਪੰ
_ccm.
650 _aਪੰਜਾਬੀ ਸਾਹਿਤ
942 _hO153,1NSA,JU, Q4
_cTEXL
_2cc
999 _c1024011
_d1024011